00429nam a2200133 a 450000500170000000800410001705000290005811000090008724500590009626000690015530000280022452100070025265000360025920140310183315.0051025s19uu xx 00 eng d aHQ 1236.5.P6b.Un54 1998 aCMFR aUndertanding women and politics :ba guide for media / aQuezon City :bCenter for Media Freedom & Responsibility,c1998. a51 p. :bill. ;c23 cm. aMC aWomen in politicsxPhilippines.